| 000 -LEADER | |
|---|---|
| fixed length control field | 00449nam a22001697a 4500 |
| 005 - DATE AND TIME OF LATEST TRANSACTION | |
| control field | 20180816102626.0 |
| 008 - FIXED-LENGTH DATA ELEMENTS--GENERAL INFORMATION | |
| fixed length control field | 160524b xxu||||| |||| 00| 0 eng d |
| 020 ## - INTERNATIONAL STANDARD BOOK NUMBER | |
| ISBN | 978-81-7146-668-6 |
| 041 ## - LANGUAGE CODE | |
| Language code of text/sound track or separate title | eng |
| 082 ## - DEWEY DECIMAL CLASSIFICATION NUMBER | |
| Item number | 4552 |
| Classification number | 658.4012 |
| 100 ## - MAIN ENTRY--AUTHOR NAME | |
| Personal name | RAO, C APPA AND OTHERS |
| 245 ## - TITLE STATEMENT | |
| Title | Strategic Management and Business Policy |
| 260 ## - PUBLICATION, DISTRIBUTION, ETC. (IMPRINT) | |
| Place of publication | New Delhi |
| Name of publisher | Academic Faundation |
| Year of publication | 2008 |
| 300 ## - PHYSICAL DESCRIPTION | |
| Number of Pages | 636p, |
| 650 ## - SUBJECT ADDED ENTRY--TOPICAL TERM | |
| Topical Term | Management |
| 942 ## - ADDED ENTRY ELEMENTS (KOHA) | |
| Koha item type | Books |
| Lost status | Damaged status | Collection code | Home library | Current library | Shelving location | Date acquired | Cost, normal purchase price | Full call number | Accession Number | Koha item type | Source of acquisition |
|---|---|---|---|---|---|---|---|---|---|---|---|
| MANAGEMENT | JRU Library | JRU Library | SHELF-41-B | 24/05/2016 | 295.00 | 658.4012 | 4552 | Books | |||
| MANAGEMENT | JRU Library | JRU Library | SHELF-64-J | 24/05/2016 | 295.00 | 658.4012 | 4553 | Books | PURCHASE | ||
| MANAGEMENT | JRU Library | JRU Library | SHELF-64-J | 24/05/2016 | 295.00 | 658.4012 | 4554 | Books | |||
| MANAGEMENT | JRU Library | JRU Library | SHELF-64-K | 24/05/2016 | 295.00 | 658.4012 | 4555 | Books | |||
| MANAGEMENT | JRU Library | JRU Library | SHELF-41-B | 24/05/2016 | 295.00 | 658.4012 | 4556 | Books |